| Поле | Инд. | ПП | Название | Значение |
|---|---|---|---|---|
| Тип записи | a | |||
| Библиографический уровень | m | |||
| 001 | Контрольный номер | RU/IS/BASE/471104906 | ||
| 005 | Дата корректировки | 20150513113515.6 | ||
| 020 | a | ISBN | 978-5-8114-1587-8 | |
| 040 | a | Служба первич. каталог. | НБ ТвГУ | |
| b | Код языка каталог. | rus | ||
| e | Правила каталог. | PSBO | ||
| 041 | 0_ | a | Код языка текста | rus |
| 080 | a | Индекс УДК | 53(075.8) | |
| 084 | a | Индекс другой классификации/Индекс ББК | В3я73-1 | |
| 090 | a | Полочн. индекс | В3 | |
| x | Авторский знак | К 89 | ||
| 100 | 1_ | a | Автор | Кузнецов Сергей Иванович |
| q | Полное имя | Кузнецов С. И. | ||
| 245 | 10 | a | Заглавие | Курс физики с примерами решения задач |
| b | Продолж. заглавия | учебное пособие для студентов вузов, обучающихся по техническим направлениям подготовки и специальностям | ||
| n | Номер части/ раздела | Ч. 1 | ||
| p | Название части/ раздела | Механика, молекулярная физика, термодинамика | ||
| 250 | a | Основные сведения об издании | Изд. 3-е, перераб. и доп. | |
| 260 | a | Место издания | Санкт-Петербург | |
| a | Место издания | Москва | ||
| a | Место издания | Краснодар | ||
| b | Издательство | Лань | ||
| c | Дата издания | 2014 | ||
| 300 | a | Объем | 463, [1] с. | |
| b | Иллюстрации/ тип воспроизводства | ил., портр. | ||
| 440 | _0 | a | Серия | Учебники для вузов |
| 440 | _0 | a | Серия | Специальная литература |
| 504 | a | Библиография | Библиогр.: с. 462-463 (30 назв.) | |
| 520 | a | Аннотация | В пособии изложены все разделы I части курса общей физики. Даны разъяснения основных законов, явлений и понятий классической механики, релятивистской механики и основные положения общей теории относительности. Рассмотрены основные вопросы молекулярно-кинетической теории вещества и термодинамики. Учитываются наиболее важные достижения в современной науке и технике, уделяется большое внимание физике различных природных явлений. | |
| Ц | ель пособия - помочь студентам освоить материал программы, научить активно применять теоретические основы физики как рабочий аппарат, позволяющий решать конкретные задачи, связанные с повышением ресурсоэффективности. Пособие ориентировано на организацию самостоятельной работы студентов. В нем анализируются решения многих физических задач, приводятся задачи для самостоятельного решения и ответы к ним. | |||
| П | редназначено для межвузовского использования студентами технических специальностей и направлений подготовки бакалавриата очной и дистанционной форм обучения. | |||
| 653 | a | Ключевые слова | Задачи | |
| a | Ключевые слова | Механика | ||
| a | Ключевые слова | Молекулярная физика | ||
| a | Ключевые слова | Решение задач | ||
| a | Ключевые слова | Термодинамика | ||
| a | Ключевые слова | Учебники | ||
| a | Ключевые слова | Учебники для вузов | ||
| a | Ключевые слова | Физика | ||
| 901 | t | Тип документа | m | |
| 910 | a | гриф есть* | ||
| 920 | a | Оператор | Семен | |
| a | Оператор | Конд | ||
| a | Оператор | Густ | ||
| a | Оператор | Стро | ||
| 930 | a | Новая/Ретро | новая | |
| 952 | c | Вид литературы | К ру | |
| 954 | a | Дата поступления на обработку | 20150406 | |
| c | Дата окончания ОНО | 20150409 | ||
| b | Дата поступления в ОК | 20141205 |